Dialogues and a diary /

Bibliographic Details
Main Author: Stravinsky, Igor, 1882-1971
Other Authors: Craft, Robert
Format: Book
Language:English
Published: Garden City, N.Y. : Doubleday, 1963.
Edition:[1st ed.].
Subjects:

MARC

Tag First Indicator Second Indicator Subfields
LEADER 00000cam a2200000 4500
001 in00000021064
005 20151007060943.0
008 750410s1963 nyuc 00010aeng u
010 |a  63020511  
035 |a (OCoLC)01265613 
035 |9 AAD0673AM 
040 |c XFM  |d TXA  |d UtOrBLW 
049 |a TXAM  |c [365548] 
050 0 |a ML410.S932  |b A335 
082 0 |a 780/.924 
092 |a 780.92  |b S9121d 
100 1 |a Stravinsky, Igor,  |d 1882-1971. 
245 1 0 |a Dialogues and a diary /  |c [by] Igor Stravinsky and Robert Craft. 
250 |a [1st ed.]. 
264 1 |a Garden City, N.Y. :  |b Doubleday,  |c 1963. 
300 |a 279 pages :  |b group portraits ;  |c 22 cm. 
336 |a text  |b txt  |2 rdacontent 
337 |a unmediated  |b n  |2 rdamedia 
338 |a volume  |b nc  |2 rdacarrier 
536 |a From the Howard Mayer Brown, Edward Downes and Mary Schieffelin Book Collections, October 2004. 
650 0 |a Music. 
650 0 |a Musicians  |v Biography. 
700 1 |a Craft, Robert. 
999 |a MARS 
999 f f |s 09362aa6-305c-3fbd-b02d-76b7cafd3bd9  |i 5b664fc8-e9a6-3eda-abc2-12f548a07258  |t 0 
952 f f |p ric  |a Texas A&M University  |b Rellis Campus  |c Joint Library Facility  |d Remote Storage  |t 0  |e ML410.S932 A335  |h Library of Congress classification  |i unmediated -- volume  |m A14801168078 
952 f f |p storage  |a Texas A&M University  |b J.J. Pickle Campus  |c High Density Repository  |d Remote Storage  |t 0  |e ML410.S932 A335  |h Library of Congress classification  |i unmediated -- volume  |m A14833757900 
998 f f |a ML410.S932 A335  |t 0  |l Remote Storage 
998 f f |a ML410.S932 A335  |t 0  |l Remote Storage